<?xml version="1.0" encoding="UTF-8"?>
<marc:record xmlns:marc="http://www.loc.gov/MARC21/slim">
   <marc:leader>00000nam a2200000 a 4500</marc:leader>
   <marc:datafield ind1="1" ind2=" " tag="100">
      <marc:subfield code="a">Allen, Woody</marc:subfield>
      <marc:subfield code="4">drt</marc:subfield>
      <marc:subfield code="e">Regisseur/-in</marc:subfield>
   </marc:datafield>
   <marc:datafield ind1="1" ind2=" " tag="100">
      <marc:subfield code="a">Allen, Woody</marc:subfield>
   </marc:datafield>
   <marc:datafield ind1="1" ind2=" " tag="100">
      <marc:subfield code="a">Keaton, Diane</marc:subfield>
   </marc:datafield>
   <marc:datafield ind1=" " ind2=" " tag="653">
      <marc:subfield code="a">Spielfilm</marc:subfield>
   </marc:datafield>
   <marc:datafield ind1=" " ind2=" " tag="653">
      <marc:subfield code="a">Spielfilm/Komödie</marc:subfield>
   </marc:datafield>
   <marc:datafield ind1=" " ind2=" " tag="653">
      <marc:subfield code="a">Spielfilm/Klassiker</marc:subfield>
   </marc:datafield>
   <marc:datafield ind1="0" ind2="0" tag="245">
      <marc:subfield code="a">Der Stadtneurotiker</marc:subfield>
   </marc:datafield>
   <marc:datafield ind1="0" ind2="0" tag="245">
      <marc:subfield code="c">Regie: Woody Allen. Darsteller: Woody Allen ; Diane Keaton</marc:subfield>
   </marc:datafield>
   <marc:datafield ind1=" " ind2="1" tag="264">
      <marc:subfield code="a">Frankfurt/Main</marc:subfield>
      <marc:subfield code="b">Metro-Goldwyn-Mayer Pictures</marc:subfield>
      <marc:subfield code="c">2012</marc:subfield>
   </marc:datafield>
   <marc:datafield ind1="1" ind2=" " tag="490">
      <marc:subfield code="a">United Artists</marc:subfield>
   </marc:datafield>
   <marc:datafield ind1="1" ind2=" " tag="520">
      <marc:subfield code="a">Alvy Singer ist einer der brilliantesten TV-Komiker Manhattans, aber mit den Frauen verscherzt er sich's immer wieder. Als sein bester Freund Rob ihm die leicht verwirrte aber reizende Sängerin Annie Hall vorstellt, verliebt er sich Hals über Kopf. Doch wieder einmal sabotiert Alvy mit seiner Unsicherheit die aufkeimende Liebe. Er treibt Annie in die Flucht - ausgerechnet nach Los Angeles. Aus Angst Annie für immer zu verlieren, ist Alvy bereit, bis zum Äußersten zu gehen - und sei es nach L. A....(Verlagstext)</marc:subfield>
   </marc:datafield>
   <marc:datafield ind1="3" ind2=" " tag="024">
      <marc:subfield code="a">4045167022980</marc:subfield>
   </marc:datafield>
   <marc:datafield ind1=" " ind2=" " tag="041">
      <marc:subfield code="a">ger</marc:subfield>
   </marc:datafield>
   <marc:datafield ind1="1" ind2=" " tag="521">
      <marc:subfield code="a">6</marc:subfield>
   </marc:datafield>
   <marc:datafield ind1=" " ind2=" " tag="306">
      <marc:subfield code="a">01:29:00</marc:subfield>
   </marc:datafield>
   <marc:datafield ind1=" " ind2=" " tag="300">
      <marc:subfield code="a">1 DVD</marc:subfield>
   </marc:datafield>
</marc:record>
